|
|
|
|
| LEADER |
00000nas a2200000 a 4500 |
| 001 |
ssj0038791 |
| 003 |
WaSeSS |
| 005 |
20200512172242.0 |
| 006 |
m d |
| 007 |
cr n |
| 008 |
050809c19969999ci qr pss 0 0eng c |
| 010 |
|
|
|a 2006263123
|
| 022 |
|
|
|a 1334-2606
|l 1330-9862
|y 1330-9862
|
| 035 |
|
|
|a (WaSeSS)ssj0038791
|
| 037 |
|
|
|b Kaciceva 23, HR-10000 Zagreb, Croatia
|c 90€
|
| 040 |
|
|
|a SNM
|b eng
|c SNM
|d OCLCS
|d TXA
|d OCLCQ
|d OCLCF
|d OCLCO
|d VT2
|d OCLCQ
|d OCLCA
|d AUD
|d IUL
|d WaSeSS
|
| 041 |
0 |
|
|a eng
|b hrv
|
| 042 |
|
|
|a pcc
|
| 050 |
1 |
4 |
|a TP368
|b .F6781
|
| 060 |
0 |
0 |
|a W1
|b PR374
|
| 210 |
0 |
|
|a Food technol. biotechnol.
|b (Online)
|
| 222 |
|
0 |
|a Food technology and biotechnology
|b (Online)
|
| 245 |
0 |
0 |
|a Food technology and biotechnology
|h [electronic resource].
|
| 246 |
1 |
|
|i Running title on PDF of articles:
|a Food technol. biotechnol
|
| 260 |
|
|
|a Zagreb, Croatia :
|b Faculty of Food Technology and Biotechnology, University of Zagreb
|
| 310 |
|
|
|a Quarterly
|
| 362 |
1 |
|
|a Print began with vol. 34, no. 1 (Jan./Apr. 1996)=1996,1.
|
| 506 |
|
|
|a License restrictions may limit access.
|
| 546 |
|
|
|a In English; summaries also in Croatian.
|
| 550 |
|
|
|a Official journal of: Croatian Society for Biotechnology, Union of Croatian Societies for the Promotion of Nutrition, and Slovenian Microbiologic Society, 1996- ; of: Croatian Society for Biotechnology and the Slovenian Microbiological Society, <2000->
|
| 588 |
|
|
|a Description based on: Vol. 38, no. 1 (Jan./Mar. 2000); title from issue table of contents (publisher's Web site, viewed May 30, 2006).
|
| 588 |
|
|
|a Latest issue consulted: Vol. 44, no. 1 (Jan./Mar. 2006) (viewed May 30, 2006).
|
| 650 |
|
0 |
|a Food industry and trade
|v Periodicals.
|
| 650 |
|
0 |
|a Food
|x Biotechnology
|v Periodicals.
|
| 650 |
|
7 |
|a Food
|x Biotechnology.
|2 fast
|0 (OCoLC)fst00930473
|
| 650 |
|
7 |
|a Food industry and trade.
|2 fast
|0 (OCoLC)fst00930843
|
| 655 |
|
0 |
|a Electronic journals.
|
| 710 |
2 |
|
|a Sveučilište u Zagrebu.
|b Prehrambeno-biotehnološki fakultet.
|
| 710 |
2 |
|
|a Hrvatsko društvo za biotehnologiju.
|
| 710 |
2 |
|
|a Saveza hrvatskih društava za unapređenje prehrane.
|
| 710 |
2 |
|
|a Slovenskog mikrobiološkog društva.
|
| 776 |
0 |
8 |
|i Print version:
|t Food technology and biotechnology
|x 1330-9862
|w (DLC) 97015489
|w (OCoLC)36595211
|
| 856 |
4 |
0 |
|z Full text available from Research Library: 01/01/2011 to present
|u https://search.proquest.com/publication/946363
|